| LEADER |
00894nam0a2200241 450 |
| 001 |
16839896 |
| 010 |
|
|
|a 978-2-8001-7399-3
|b rel.
|d 12,5
|
| 100 |
|
|
|a 20210908d2021 u u0frey01 ba
|
| 101 |
0 |
|
|a fre
|
| 102 |
|
|
|a BE
|
| 200 |
0 |
|
|a Mon île adorée
|f scénario, Carbone et Cee Cee Mia
|g dessin, Marko - couleurs, Maëla Cosson
|
| 207 |
|
1 |
|a
|
| 210 |
|
|
|a Paris
|b 8 rue Bellini.
|c J. Dupuis-Paris
|d 2021
|
| 215 |
|
|
|a 1 vol. (56-[8] p.)
|c ill. en coul.
|d 30 cm
|
| 225 |
1 |
|
|v 2
|
| 300 |
|
|
|a En appendice, dossier sur les 'enfants de la Creuse' et les droits des enfants
|
| 461 |
|
0 |
|t La brigade des souvenirs
|v 2
|
| 700 |
|
0 |
|a Carbone
|f 1973-....
|4 70
|
| 701 |
|
0 |
|a Mia
|b Cee Cee
|f 1975-....
|4 70
|
| 702 |
|
0 |
|a Marko
|f 1969-....
|4 440
|
| 900 |
|
|
|a Bande Dessinée enfant ado
|
| 901 |
|
|
|a Accessible au prêt
|
| 995 |
|
|
|a Bibliothèque
|c Bibliothèque
|f 024022686
|h 024022686
|k BD CAR
|o p
|q j
|r az
|e Bibliothèque
|